1988 population xcensus (Record no. 6697)

000 -LEADER
fixed length control field 00446nam a22001217a 4500
008 - FIXED-LENGTH DATA ELEMENTS--GENERAL INFORMATION
fixed length control field 200324b ||||| |||| 00| 0 eng d
100 ## - MAIN ENTRY--PERSONAL NAME
Personal name The united republic of Tanzania
245 ## - TITLE STATEMENT
Title 1988 population xcensus
Remainder of title Population census regional profile
Statement of responsibility, etc. The united republic of Tanzania
Medium English
260 ## - PUBLICATION, DISTRIBUTION, ETC. (IMPRINT)
Place of publication, distribution, etc. Dar es salaam
Name of publisher, distributor, etc. President's Office -planning commission
Date of publication, distribution, etc. 1992
300 ## - PHYSICAL DESCRIPTION
Extent 260p.
Other physical details Illustration
Dimensions 28cm
650 ## - SUBJECT ADDED ENTRY--TOPICAL TERM
Source of heading or term Sensa 1988
942 ## - ADDED ENTRY ELEMENTS (KOHA)
Source of classification or shelving scheme
Koha item type BOOKS
Holdings
Withdrawn status Lost status Source of classification or shelving scheme Damaged status Not for loan Home library Current library Date acquired Total Checkouts Barcode Date last seen Price effective from Koha item type
          Mwanza Mwanza 24/03/2020   10000002029 24/03/2020 24/03/2020 BOOKS

IRDP © 2019 :: Managed by IRDP ICT Unit